Islamic Dawah in the West (Record no. 8205)

MARC details
000 -LEADER
fixed length control field 00659nam a2200253 a 4500
020 ## - INTERNATIONAL STANDARD BOOK NUMBER
ISBN 0192278
082 00 - DEWEY DECIMAL CLASSIFICATION NUMBER
Classification number 297.7
Author Cutter POS
100 ## - MAIN ENTRY--AUTHOR NAME
Author name Poston, Larry
245 ## - TITLE STATEMENT
Title Islamic Dawah in the West
Sub title Muslim Missionary Activity
260 ## - PUBLICATION, DISTRIBUTION, ETC. (IMPRINT)
Place of publication Londan
Name of publisher Oxford University Press
Year of publication 1992
300 ## - PHYSICAL DESCRIPTION
Number of Pages 220p
500 ## - GENERAL NOTE
General note includes index and biblioraphy
505 2# - FORMATTED CONTENTS NOTE
Formatted contents note Bibliography, Index
650 ## - SUBJECT ADDED ENTRY--TOPICAL TERM
Topical Term Dawah-Islam
650 ## - SUBJECT ADDED ENTRY--TOPICAL TERM
Topical Term Islam-Conversion
942 ## - ADDED ENTRY ELEMENTS (KOHA)
Koha item type Books
700 1# -
-- Poston, Larry
Holdings
Collection code Home library Current library Date acquired Cost, normal purchase price Full call number Accession Number Koha item type
  Henry Martyn Institute Library Henry Martyn Institute Library 07/12/2007 100.00 297.7 POS 014749 Books
                   Copyright © 2026 | Henry Martyn Institute | Hyderabad | TS-500052 | INDIA | Implemented by hmi.edu.in
Hit-Count:

Powered by Koha